Statystyki dla Rozpoznaj państwo po zdjęciu #7

Kliknij tutaj aby rozwiązać quiz!

Ogólne statystyki

  • Ten quiz został rozwiązany 46 razy
  • Średni wynik to 4 z 10

Statystyki odpowiedzi

Odpowiedź% Poprawnych
Hiszpania
89%
Czechy
76%
Kenia
59%
Boliwia
43%
Tajwan
43%
Nepal
38%
Estonia
27%
Jemen
27%
Algieria
19%
Samoa
14%

Rozkład punktacji

Percentyl według liczby udzielonych odpowiedzi

Procent ludzi z każdym wynikiem

Twoja historia wyników

Nie rozwiązałeś tego quizu